000 00677cam a2200217 a 4500
001 000005992
005 20200929151856.0
008 990303s1998 ck a 001 p spa
020 _a958330106X
040 _aDO-SdBNP
_cDLC
082 _aC861.44
_bC828d
100 1 _aCortés Mendieta, Edgar,
_d1956-
_916883
245 1 0 _aDescenso a la flor /
_cEdgar Cortés Mendieta.
260 _aSantafé de Bogotá (Colombia) :
_bBúho Pescador,
_c1998 .
300 _a57 p. :
_bil. ;
_c21 cm.
650 4 _aPoesía colombiana
_93742
650 4 _aNaturaleza en la poesía
_916884
650 4 _aLiterartura colombiana
_916885
910 _aCatalogación por copia / LC
049 _aBNPHU
999 _c5788
_d5788